[Event "Titled Tue 20th May Early"]
[Site "chess.com INT"]
[Date "2025.05.20"]
[Round "4"]
[White "Vasquez Schroeder, Rodrigo"]
[Black "Dambaev, Dashi"]
[Result "1-0"]
[WhiteTitle "GM"]
[BlackTitle "CM"]
[WhiteElo "2446"]
[BlackElo "2211"]
[WhiteFideId "3400042"]
[BlackFideId "55628494"]
[EventDate "2025.05.20"]

1. e4 c5 2. Nf3 d6 3. d4 cxd4 4. Nxd4 Nf6 5. Nc3 g6 6. Be2 Bg7 7. O-O O-O 8. Nb3
Nc6 9. Bg5 a5 10. a4 Be6 11. Qd2 Bxb3 12. cxb3 Nd7 13. Bc4 Nc5 14. Rfe1 Nd4 15.
Qd1 Nce6 16. Be3 Rc8 17. Nd5 Nc6 18. Rb1 Ne5 19. Bb5 Nc5 20. f3 e6 21. Nc3 h5
22. Re2 Kh7 23. Rd2 Qe7 24. Rxd6 Nxb3 25. h3 Nc5 26. Kh1 b6 27. Rxb6 Rfd8 28.
Qe2 Ned3 29. Rd1 Nb4 30. Bf4 Qf6 31. Bh2 1-0

[Event "Titled Tue 20th May Early"]
[Site "chess.com INT"]
[Date "2025.05.20"]
[Round "4"]
[White "Liu, Casper"]
[Black "Berikkyzy Alanna"]
[Result "1-0"]
[WhiteTitle "FM"]
[BlackTitle "WFM"]
[WhiteElo "2325"]
[BlackElo "2104"]
[WhiteFideId "1454153"]
[BlackFideId "13780719"]
[EventDate "2025.05.20"]

1. d4 Nf6 2. c4 e6 3. Nf3 d5 4. g3 dxc4 5. Bg2 Nc6 6. O-O Rb8 7. Bg5 Be7 8. e3
O-O 9. a4 b6 10. Nbd2 Na5 11. Ne5 Ba6 12. Re1 Nd7 13. Bxe7 Qxe7 14. Nxd7 Qxd7
15. Qc2 Rfd8 16. Nf3 Qe7 17. h4 h6 18. g4 c5 19. g5 h5 20. Rad1 g6 21. Ne5 Kg7
22. dxc5 bxc5 23. Qc3 f6 24. Nd7 1-0

[Event "Titled Tue 20th May Early"]
[Site "chess.com INT"]
[Date "2025.05.20"]
[Round "4"]
[White "Gong, Qianyun"]
[Black "Ochedzan, Filip"]
[Result "0-1"]
[WhiteTitle "WGM"]
[BlackTitle "CM"]
[WhiteElo "2265"]
[BlackElo "2130"]
[WhiteFideId "8602425"]
[BlackFideId "21892610"]
[EventDate "2025.05.20"]

1. d4 d5 2. c4 c6 3. Nc3 Nf6 4. Nf3 e6 5. Bg5 Be7 6. e3 O-O 7. Rc1 Nbd7 8. Be2
h6 9. Bh4 Ne4 10. Bxe7 Qxe7 11. Nxe4 dxe4 12. Nd2 f5 13. O-O Nf6 14. a3 e5 15.
dxe5 Qxe5 16. c5 Be6 17. Bc4 Bd5 18. Bxd5+ Qxd5 19. Qe2 Rfd8 20. Rfd1 Qd3 21.
Qe1 Qb5 22. b4 a5 23. Nc4 Rxd1 24. Qxd1 axb4 25. axb4 Qxb4 26. Nb6 Ra2 27. h3
Qb2 28. Qd8+ Kh7 29. Rf1 Qe5 30. Nc4 Qxc5 31. Nd6 Rd2 32. Nxb7 Qb4 33. Qc8 Rd7
34. Nd8 Qf8 35. Qxc6 Qxd8 36. Qe6 Rd5 37. Rb1 Qd7 38. Qb6 Rd1+ 0-1

[Event "Titled Tue 20th May Early"]
[Site "chess.com INT"]
[Date "2025.05.20"]
[Round "4"]
[White "Viana, Dirceu"]
[Black "Leschinsky, Gary"]
[Result "0-1"]
[WhiteTitle "FM"]
[WhiteElo "2188"]
[BlackElo "1992"]
[WhiteFideId "2101360"]
[BlackFideId "30951321"]
[EventDate "2025.05.20"]

1. Nf3 Nf6 2. b3 g6 3. Bb2 Bg7 4. g3 O-O 5. Bg2 c5 6. c4 Nc6 7. O-O d6 8. d4 Ne4
9. h3 Qb6 10. e3 Bf5 11. Nbd2 cxd4 12. Nxd4 Nxd4 13. exd4 Nxd2 14. Qxd2 e5 15.
Rfe1 Rad8 16. Rad1 Rfe8 17. Qe2 Re6 18. dxe5 Bxe5 19. Bxe5 Rxe5 20. Qd2 Rde8 21.
g4 Rxe1+ 22. Rxe1 Rxe1+ 23. Qxe1 Be6 24. Qd2 Qc7 25. g5 b6 26. h4 Qc5 27. Qf4
Qe5 28. Qxe5 dxe5 29. Kf1 Kf8 30. Ke2 Ke7 31. Ke3 Kd6 32. f4 a5 33. Bb7 Bf5 34.
Bd5 Bb1 35. a3 Ba2 36. b4 axb4 37. axb4 b5 38. Bxf7 Bxc4 39. Bg8 Bxg8 0-1

[Event "Titled Tue 20th May Early"]
[Site "chess.com INT"]
[Date "2025.05.20"]
[Round "4"]
[White "Hari, Madhavan N B"]
[Black "Korkmaz, Necmettin"]
[Result "1-0"]
[WhiteTitle "IM"]
[BlackTitle "CM"]
[WhiteElo "2386"]
[BlackElo "2059"]
[WhiteFideId "25054309"]
[BlackFideId "6303285"]
[EventDate "2025.05.20"]

1. d4 d5 2. Nf3 Nf6 3. c4 c6 4. Nc3 e6 5. e3 Nbd7 6. Kd2 Bb4 7. Bd3 O-O 8. Qb3
Qe7 9. a3 Ba5 10. Ke2 e5 11. dxe5 Nxe5 12. Nxe5 Qxe5 13. f4 Qh5+ 14. Kf1 Bxc3
15. bxc3 Bf5 16. Be2 Bg4 17. Bxg4 Qxg4 18. h3 Qe6 19. cxd5 Nxd5 20. Rb1 Nxe3+
21. Kf2 Nc4 22. Re1 Qd5 23. Qxb7 h6 24. Kg1 Rab8 25. Qxb8 Rxb8 26. Rxb8+ Kh7 27.
Rbe8 Qc5+ 28. Kh1 Nxa3 29. R8e7 Nc2 30. R1e2 Qxc3 31. Rxf7 Nd4 32. Bb2 Qd3 33.
Ree7 Nf3 34. Rxg7+ Kh8 35. Re8# 1-0

[Event "Titled Tue 20th May Early"]
[Site "chess.com INT"]
[Date "2025.05.20"]
[Round "4"]
[White "Dovgaliuk, Oleksandr"]
[Black "Begmuratov, Alisher"]
[Result "0-1"]
[BlackTitle "FM"]
[WhiteElo "2240"]
[BlackElo "2395"]
[WhiteFideId "14167247"]
[BlackFideId "14203367"]
[EventDate "2025.05.20"]

1. e4 d6 2. Nf3 Nf6 3. Nc3 Bg4 4. Be2 e6 5. h3 Bh5 6. d4 c6 7. O-O d5 8. e5 Nfd7
9. Ne1 Bxe2 10. Nxe2 c5 11. c3 Nc6 12. f4 g6 13. g4 Qb6 14. f5 gxf5 15. gxf5
Rg8+ 16. Kh2 cxd4 17. fxe6 fxe6 18. Nxd4 O-O-O 19. Nxc6 bxc6 20. Nf3 Bg7 21. Qe2
Rdf8 22. Be3 Qc7 23. Kh1 Nxe5 24. Nxe5 Qxe5 25. Qa6+ Kd8 26. Rxf8+ Bxf8 27. Qe2
Qe4+ 28. Kh2 Bd6+ 0-1

[Event "Titled Tue 20th May Early"]
[Site "chess.com INT"]
[Date "2025.05.20"]
[Round "4"]
[White "Gibala, Adam"]
[Black "Papasimakopoulos, Alexandros"]
[Result "0-1"]
[WhiteTitle "CM"]
[BlackTitle "IM"]
[WhiteElo "2239"]
[BlackElo "2366"]
[WhiteFideId "21070288"]
[BlackFideId "4244125"]
[EventDate "2025.05.20"]

1. c4 e6 2. d4 d5 3. Nc3 a6 4. cxd5 exd5 5. Nf3 c6 6. e4 dxe4 7. Nxe4 Bb4+ 8.
Bd2 Bxd2+ 9. Qxd2 Nf6 10. Bd3 O-O 11. O-O Nxe4 12. Bxe4 Nd7 13. Rfe1 Nf6 14. Bc2
Bg4 15. Ne5 Be6 16. Qd3 Qd6 17. h3 Rad8 18. Rad1 g6 19. Qf3 Kg7 20. Bb3 Bd5 21.
Qg3 Rfe8 22. Kh2 Nh5 23. Qh4 f6 24. Bxd5 cxd5 25. g4 Nf4 26. Qg3 fxe5 27. dxe5
Qf8 28. e6 Rxe6 29. Qc3+ Kg8 30. Qc7 Rde8 31. Re5 Rxe5 0-1

[Event "Titled Tue 20th May Early"]
[Site "chess.com INT"]
[Date "2025.05.20"]
[Round "4"]
[White "Wijerathna, Vinuka Dihain"]
[Black "Potawad, Anirudhha"]
[Result "0-1"]
[WhiteTitle "CM"]
[BlackTitle "FM"]
[WhiteElo "2063"]
[BlackElo "2288"]
[WhiteFideId "29981905"]
[BlackFideId "45081506"]
[EventDate "2025.05.20"]

1. e4 e5 2. Nf3 Nc6 3. Bb5 a6 4. Bxc6 dxc6 5. O-O f6 6. b3 Ne7 7. Bb2 Ng6 8. d4
exd4 9. Nxd4 Be7 10. Nd2 O-O 11. N2f3 Re8 12. Re1 Bb4 13. c3 Bf8 14. c4 Bd7 15.
Qc2 Qe7 16. Nf5 Qf7 17. g3 Rad8 18. Kg2 a5 19. Rad1 c5 20. h4 Bc6 21. h5 Rxd1
22. hxg6 hxg6 23. Qxd1 gxf5 24. exf5 Rxe1 25. Qxe1 Qh5 26. Qe6+ Kh7 27. Qe3 Qxf5
28. Bc3 a4 29. bxa4 g5 30. a5 g4 0-1

[Event "Titled Tue 20th May Early"]
[Site "chess.com INT"]
[Date "2025.05.20"]
[Round "4"]
[White "Rushbrooke, Remy"]
[Black "Tsyhanchuk, Stanislav"]
[Result "1-0"]
[BlackTitle "IM"]
[WhiteElo "2090"]
[BlackElo "2273"]
[WhiteFideId "443590"]
[BlackFideId "13505130"]
[EventDate "2025.05.20"]

1. Nf3 Nf6 2. g3 g6 3. Bg2 Bg7 4. d4 d6 5. c4 O-O 6. Nc3 Nbd7 7. O-O Re8 8. h3
e5 9. dxe5 Nxe5 10. Nxe5 dxe5 11. Qxd8 Rxd8 12. Bg5 c6 13. Ne4 Nxe4 14. Bxd8 Nd2
15. Rfd1 Nxc4 16. b3 Nb6 17. Bxb6 axb6 18. Rd8+ Bf8 19. b4 Kg7 20. b5 Be7 21.
Rd3 c5 22. Bxb7 Bxb7 23. Rd7 Bc8 24. Rxe7 Rb8 25. Re8 Ra8 26. a4 Bb7 27. Rxa8
Bxa8 28. a5 bxa5 29. Rxa5 Bb7 30. b6 Kf6 31. Rxc5 Ke6 32. Rc7 Bd5 33. b7 1-0

[Event "Titled Tue 20th May Early"]
[Site "chess.com INT"]
[Date "2025.05.20"]
[Round "4"]
[White "Harriott, Tyrell"]
[Black "Silva Lucena, Cristian"]
[Result "0-1"]
[BlackTitle "FM"]
[WhiteElo "1924"]
[BlackElo "2257"]
[WhiteFideId "2086484"]
[BlackFideId "2232588"]
[EventDate "2025.05.20"]

1. d4 Nf6 2. e3 g6 3. Bd3 Bg7 4. f4 O-O 5. Nf3 d6 6. O-O c5 7. c3 Nc6 8. Bc2
cxd4 9. exd4 e5 10. d5 e4 11. dxc6 exf3 12. Qxf3 bxc6 13. Qxc6 Rb8 14. Bb3 Bb7
15. Qa4 Qb6+ 16. Qd4 Qc6 17. Qf2 Ng4 18. Qg3 h5 19. h3 Nh6 20. Qxg6 Ba6 21. Rf3
Rxb3 22. Qxh5 Rb5 23. Qh4 Nf5 24. Qf2 Re8 25. Na3 Rd5 26. Be3 Nxe3 27. Rxe3 Rxe3
28. Qxe3 Rd3 29. Qe1 Bb7 30. Qe2 Rg3 31. Kf1 Rxg2 32. Qc4 Qf3+ 33. Ke1 Qf2+ 0-1

[Event "Titled Tue 20th May Early"]
[Site "chess.com INT"]
[Date "2025.05.20"]
[Round "4"]
[White "Ostanin, Vadim"]
[Black "Tatarinov, Dmitry"]
[Result "1-0"]
[WhiteTitle "FM"]
[BlackTitle "FM"]
[WhiteElo "2317"]
[BlackElo "2344"]
[WhiteFideId "24125016"]
[BlackFideId "24160067"]
[EventDate "2025.05.20"]

1. e4 e5 2. Nf3 Nc6 3. Bb5 a6 4. Ba4 Nf6 5. O-O Be7 6. Re1 b5 7. Bb3 O-O 8. d3
d6 9. c3 Na5 10. Bc2 c5 11. Nbd2 Bd7 12. h3 Qb8 13. d4 Re8 14. d5 Bd8 15. b3 c4
16. b4 Nb7 17. a3 Bb6 18. Nf1 Qc7 19. Ng3 h6 20. Qe2 a5 21. Nh4 axb4 22. cxb4
Kh7 23. Qf3 Rf8 24. Ngf5 Bxf5 25. Qxf5+ Kg8 26. Bxh6 Nh7 27. Qg4 f6 28. Nf5 Rf7
29. Be3 Bxe3 30. Rxe3 Kh8 31. Qg6 Nd8 32. Rg3 Ra7 33. Rg4 Nf8 34. Rh4+ 1-0

[Event "Titled Tue 20th May Early"]
[Site "chess.com INT"]
[Date "2025.05.20"]
[Round "4"]
[White "Burmakin, Evgeniy"]
[Black "Antoniou, Rafail"]
[Result "0-1"]
[WhiteTitle "FM"]
[BlackTitle "CM"]
[WhiteElo "2110"]
[BlackElo "2134"]
[WhiteFideId "4163729"]
[BlackFideId "5904390"]
[EventDate "2025.05.20"]

1. e4 c5 2. Nf3 e6 3. d4 cxd4 4. Nxd4 Nf6 5. Nc3 Nc6 6. Nxc6 bxc6 7. Bd3 d5 8.
Qf3 Be7 9. e5 Nd7 10. Qg3 g6 11. Bh6 Qb6 12. Rb1 Qd4 13. O-O Qxe5 14. Qxe5 Nxe5
15. Bg7 Nxd3 16. Bxh8 Nc5 17. b4 Nd7 18. b5 c5 19. a4 f6 20. Bg7 Kf7 21. Bh6 g5
22. Rfe1 Nb6 23. h4 gxh4 24. a5 Nc4 25. b6 axb6 26. axb6 Rb8 27. Bf4 Rxb6 28.
Rxb6 Nxb6 29. Rb1 Nd7 30. Ra1 e5 31. Bd2 d4 32. Nd5 Bd6 33. Ra6 Bxa6 0-1

[Event "Titled Tue 20th May Early"]
[Site "chess.com INT"]
[Date "2025.05.20"]
[Round "4"]
[White "Piliposyan, Robert"]
[Black "Baradaran Tamadon, Arian"]
[Result "1-0"]
[WhiteTitle "IM"]
[BlackTitle "FM"]
[WhiteElo "2416"]
[BlackElo "2304"]
[WhiteFideId "13309978"]
[BlackFideId "12595837"]
[EventDate "2025.05.20"]

1. d4 Nf6 2. c4 b6 3. Nc3 Bb7 4. Qc2 d6 5. e4 e5 6. d5 Be7 7. Nf3 O-O 8. Bd3 a5
9. O-O Na6 10. a3 Nc5 11. Be2 a4 12. Be3 Ng4 13. Bxc5 bxc5 14. Nxa4 f5 15. exf5
Bc8 16. Bd3 Kh8 17. Nc3 Nh6 18. b4 cxb4 19. axb4 Rb8 20. b5 Nxf5 21. Ne4 Qe8 22.
Ra7 Bd8 23. Re1 Qh5 24. Ng3 Nxg3 25. hxg3 Bg4 26. Be4 Rf6 27. Rea1 Rh6 28. Kf1
Rc8 29. Ra8 Rf6 30. Rxc8 Bxc8 31. Ra8 Qg4 32. Nh2 Qd7 33. Bf3 Bb7 34. Rb8 Rf8
35. Rxb7 e4 36. Qxe4 Bf6 37. Ng4 1-0

[Event "Titled Tue 20th May Early"]
[Site "chess.com INT"]
[Date "2025.05.20"]
[Round "4"]
[White "Grutter, Tim"]
[Black "Stichter, Constantin Paul"]
[Result "1-0"]
[WhiteTitle "IM"]
[WhiteElo "2408"]
[BlackElo "2209"]
[WhiteFideId "1057472"]
[BlackFideId "34603140"]
[EventDate "2025.05.20"]

1. Nf3 e6 2. g3 Nf6 3. Bg2 d5 4. O-O Be7 5. d3 O-O 6. Nc3 c5 7. e4 Nc6 8. Bf4 b6
9. Ne5 Nxe5 10. Bxe5 Bb7 11. a4 dxe4 12. Nxe4 Nxe4 13. Bxe4 Bxe4 14. dxe4 Qxd1
15. Rfxd1 Rfd8 16. Bc7 Rxd1+ 17. Rxd1 Rc8 18. Rd7 Kf8 19. Be5 a5 20. Rb7 Bd8 21.
Bd6+ Ke8 22. c4 Rc6 23. Be5 f6 24. Bb8 Kf8 25. e5 h6 26. Bd6+ Ke8 27. Rxg7 fxe5
28. Bxe5 Bg5 29. f4 Be7 30. Rh7 Kd7 31. Bf6 1-0

[Event "Titled Tue 20th May Early"]
[Site "chess.com INT"]
[Date "2025.05.20"]
[Round "4"]
[White "Yelisieiev, Yevhenii"]
[Black "Ristic, Nebojsa M"]
[Result "1-0"]
[WhiteTitle "IM"]
[BlackTitle "IM"]
[WhiteElo "2412"]
[BlackElo "2248"]
[WhiteFideId "14139642"]
[BlackFideId "900850"]
[EventDate "2025.05.20"]

1. d4 Nf6 2. Nf3 g6 3. g3 Bg7 4. Bg2 d6 5. O-O O-O 6. b3 Nc6 7. Bb2 e5 8. dxe5
Ng4 9. c4 Ngxe5 10. Nc3 Nxf3+ 11. exf3 Be6 12. Qd2 Qd7 13. Rfe1 Ne7 14. f4 Nc6
15. Ne4 f6 16. Rad1 Bg4 17. Rc1 Rae8 18. b4 h6 19. b5 Nd8 20. Bd4 a6 21. Qb2 Qf7
22. b6 f5 23. bxc7 Qxc7 24. Bxg7 Qxg7 25. Qxg7+ Kxg7 26. Nxd6 Rxe1+ 27. Rxe1 b5
28. c5 g5 29. c6 Nxc6 30. Bxc6 Rf6 31. Re7+ Kh8 32. Rd7 Bh3 33. Bd5 gxf4 34.
Nf7+ Kg7 35. Ng5+ Kf8 36. Nxh3 f3 37. Nf4 Rc6 38. Bxc6 1-0

[Event "Titled Tue 20th May Early"]
[Site "chess.com INT"]
[Date "2025.05.20"]
[Round "4"]
[White "Gasparyan, Erik R."]
[Black "Sahbudak, Baris Cinar"]
[Result "1/2-1/2"]
[WhiteTitle "IM"]
[BlackTitle "CM"]
[WhiteElo "2372"]
[BlackElo "2072"]
[WhiteFideId "13315730"]
[BlackFideId "26351633"]
[EventDate "2025.05.20"]

1. Nf3 c5 2. g3 g6 3. Bg2 Bg7 4. O-O d5 5. d3 Nc6 6. Nbd2 Nf6 7. e4 dxe4 8. dxe4
O-O 9. c3 Bg4 10. h3 Be6 11. Qe2 h6 12. Rd1 Qc7 13. Nc4 Rad8 14. Bf4 Qc8 15. Kh2
b5 16. Nce5 Nxe5 17. Bxe5 a6 18. Qe3 Kh7 19. b3 Rxd1 20. Rxd1 c4 21. b4 Rd8 22.
Nd4 Ng4+ 23. hxg4 Bxe5 24. f3 Bxd4 25. Rxd4 Rxd4 26. Qxd4 Qd7 27. Qxd7 Bxd7 28.
Kg1 e5 29. Kf2 Kg8 30. Ke3 Kf8 31. Bf1 Ke7 32. Be2 g5 33. f4 f6 34. Bd1 Kd6 35.
Kf3 Bc6 36. Bc2 Bd7 37. a3 Bc6 38. Ke3 Bd7 39. Bd1 Bc6 40. Be2 Be8 41. a4 Bd7
42. a5 Bc6 43. Bf3 Bb7 44. Bg2 Bc6 45. Kf3 Bb7 46. Bf1 Bc6 47. Be2 Bb7 48. Ke3
Bc6 49. Bf3 Bb7 50. Bd1 Bc6 51. Bc2 Bb7 52. Kf3 Bc6 53. Bd1 Bb7 54. Be2 Bc6 55.
Bf1 Bb7 56. Bg2 Bc6 57. Bh3 Bb7 58. fxg5 hxg5 59. Bf1 Bc6 60. Be2 Bd7 61. Ke3
Bc6 62. Bf3 Bd7 63. Be2 Bc6 64. Bf3 Bd7 65. Be2 1/2-1/2

[Event "Titled Tue 20th May Early"]
[Site "chess.com INT"]
[Date "2025.05.20"]
[Round "4"]
[White "Luong Phuong Hanh"]
[Black "Andersen, Alec"]
[Result "1-0"]
[WhiteTitle "WIM"]
[WhiteElo "2144"]
[BlackElo "2019"]
[WhiteFideId "12401013"]
[BlackFideId "2096978"]
[EventDate "2025.05.20"]

1. d4 d5 2. c4 c6 3. Nf3 Nf6 4. Qc2 dxc4 5. Qxc4 Bf5 6. g3 e6 7. Bg2 Nbd7 8. O-O
Be7 9. e3 O-O 10. Qe2 Ne4 11. Nfd2 Ndf6 12. h3 c5 13. Nf3 cxd4 14. Nxd4 Bg6 15.
Rd1 Qb6 16. Nc3 Nxc3 17. bxc3 Rac8 18. Bd2 a6 19. e4 Qc5 20. a4 Qc4 21. Qe1 Qd3
22. e5 Nd5 23. Bxd5 exd5 24. Bg5 Qxd1 25. Rxd1 Bxg5 26. f4 1-0

[Event "Titled Tue 20th May Early"]
[Site "chess.com INT"]
[Date "2025.05.20"]
[Round "4"]
[White "Nowak, Mikolaj"]
[Black "Tahbaz, Arash"]
[Result "0-1"]
[BlackTitle "IM"]
[WhiteElo "2316"]
[BlackElo "2462"]
[WhiteFideId "1191365"]
[BlackFideId "12528846"]
[EventDate "2025.05.20"]

1. f3 g6 2. Kf2 Bg7 3. g3 f5 4. Bg2 Nf6 5. Nh3 e5 6. Re1 d5 7. Kg1 O-O 8. e3 c5
9. f4 e4 10. Nf2 Nc6 11. d3 Re8 12. dxe4 fxe4 13. Nc3 h5 14. h3 Be6 15. Kh2 Qd7
16. Bd2 Rad8 17. Qe2 Bf5 18. Rad1 d4 19. Na4 b6 20. b3 Qe6 21. Qb5 dxe3 22. Bxe3
Nd4 23. Bxd4 cxd4 24. c3 Rd5 25. Qa6 Qd6 26. Rxd4 Rxd4 27. cxd4 h4 28. g4 Qxf4+
29. Kg1 e3 30. Qc4+ Be6 31. d5 exf2+ 0-1

[Event "Titled Tue 20th May Early"]
[Site "chess.com INT"]
[Date "2025.05.20"]
[Round "4"]
[White "Sitnic, Adnan"]
[Black "Sanhueza, Cristian"]
[Result "1-0"]
[WhiteTitle "CM"]
[BlackTitle "FM"]
[WhiteElo "2105"]
[BlackElo "2182"]
[WhiteFideId "14403854"]
[BlackFideId "116815"]
[EventDate "2025.05.20"]

1. e4 e5 2. Nf3 d5 3. exd5 e4 4. Nd4 Qxd5 5. Nb3 Nf6 6. Nc3 Qe5 7. Be2 Bd6 8. d4
exd3 9. Qxd3 Nc6 10. Nb5 Bb4+ 11. c3 Be7 12. f4 Qe4 13. Qxe4 Nxe4 14. Nxc7+ Kd8
15. Nxa8 Bf5 16. Be3 Bd6 17. O-O-O Ke7 18. g4 Bd7 19. Bf3 Nf6 20. g5 Ng4 21.
Rhe1 Nxe3 22. Rxe3+ Be6 23. Rxd6 Kxd6 24. Rd3+ Ke7 25. Nc7 Bf5 26. Nd5+ Kd6 27.
Rd2 Bg6 28. Ne3+ Kc7 29. f5 Re8 30. Nd5+ Kb8 31. fxg6 hxg6 32. Re2 Rh8 33. Nc5
a5 34. Nxb7 Kxb7 35. Ne7 Rh3 36. Bg2 Kc7 37. Bxh3 1-0

[Event "Titled Tue 20th May Early"]
[Site "chess.com INT"]
[Date "2025.05.20"]
[Round "4"]
[White "Gutman, Gennadi"]
[Black "Ocampos, Ian"]
[Result "0-1"]
[WhiteTitle "GM"]
[WhiteElo "2445"]
[BlackElo "2219"]
[WhiteFideId "14102277"]
[BlackFideId "117544"]
[EventDate "2025.05.20"]

1. e4 c5 2. c3 g6 3. Nf3 Bg7 4. d4 cxd4 5. cxd4 d5 6. e5 a6 7. Nc3 Nc6 8. Be2 f6
9. Bf4 fxe5 10. Nxe5 Nf6 11. O-O O-O 12. Bg3 e6 13. Rc1 Nd7 14. f4 Ndxe5 15.
fxe5 Bd7 16. Na4 Bh6 17. Rc3 Rxf1+ 18. Bxf1 Qe7 19. a3 Rf8 20. Nc5 Be8 21. Qg4
Nd8 22. Bh4 Qf7 23. Bxd8 Qxf1# 0-1

[Event "Titled Tue 20th May Early"]
[Site "chess.com INT"]
[Date "2025.05.20"]
[Round "4"]
[White "Lewicki, Miroslaw"]
[Black "Le, Quang Liem"]
[Result "0-1"]
[WhiteTitle "IM"]
[BlackTitle "GM"]
[WhiteElo "2317"]
[BlackElo "2729"]
[WhiteFideId "1113380"]
[BlackFideId "12401137"]
[EventDate "2025.05.20"]

1. e4 e5 2. Nf3 Nc6 3. Nc3 Nf6 4. Bb5 Bd6 5. O-O O-O 6. Re1 Re8 7. b3 Nd4 8. Bf1
c6 9. Bb2 Bc7 10. h3 d6 11. Nxd4 exd4 12. Ne2 Nxe4 13. Nxd4 Bd7 14. d3 Nf6 15.
Qf3 Re5 16. Rxe5 dxe5 17. Nf5 Nd5 18. d4 Qf6 19. Bd3 Nf4 20. Ng3 Nxh3+ 21. Kh2
Nxf2 22. dxe5 Qh4+ 23. Kg1 Ng4 24. Qf4 Bb6+ 25. Bd4 Bxd4+ 26. Qxd4 Qh2+ 27. Kf1
Qxg3 28. Qxd7 Qf2# 0-1

[Event "Titled Tue 20th May Early"]
[Site "chess.com INT"]
[Date "2025.05.20"]
[Round "4"]
[White "Neustroev, Victor"]
[Black "Kjartansson, Gudmundur"]
[Result "1-0"]
[WhiteTitle "FM"]
[BlackTitle "GM"]
[WhiteElo "2283"]
[BlackElo "2437"]
[WhiteFideId "4144147"]
[BlackFideId "2301318"]
[EventDate "2025.05.20"]

1. e4 c5 2. Nf3 e6 3. d4 cxd4 4. Nxd4 Nf6 5. Nc3 Nc6 6. Ndb5 Bb4 7. a3 Bxc3+ 8.
Nxc3 d5 9. exd5 exd5 10. Bd3 Bg4 11. f3 Bh5 12. O-O O-O 13. Ne2 Bg6 14. Bxg6
hxg6 15. Be3 Re8 16. Bf2 Ne5 17. Re1 Nc4 18. Qd4 Qc7 19. Nf4 Rxe1+ 20. Rxe1 Rd8
21. Nd3 b6 22. Bg3 Qc6 23. Re7 1-0

[Event "Titled Tue 20th May Early"]
[Site "chess.com INT"]
[Date "2025.05.20"]
[Round "4"]
[White "Srihari, L R"]
[Black "Naroditsky, Daniel"]
[Result "0-1"]
[WhiteTitle "IM"]
[BlackTitle "GM"]
[WhiteElo "2468"]
[BlackElo "2619"]
[WhiteFideId "46617116"]
[BlackFideId "2026961"]
[EventDate "2025.05.20"]

1. d4 Nf6 2. Nf3 g6 3. Bg5 Bg7 4. Nbd2 O-O 5. e4 d5 6. Bd3 c5 7. e5 Nfd7 8. c3
f6 9. exf6 exf6 10. Be3 c4 11. Be2 f5 12. Bf4 Nc6 13. b3 b5 14. O-O Bb7 15. a4
a6 16. bxc4 bxc4 17. Rb1 Na5 18. Re1 Bf6 19. h4 Re8 20. g3 Nf8 21. Bf1 Ne6 22.
Be5 f4 23. Bh3 fxg3 24. fxg3 Ng7 25. Kh2 Bc8 26. Bxf6 Qxf6 27. Rxe8+ Nxe8 28.
Bxc8 Rxc8 29. Qe2 Ng7 30. Qe5 Qxe5 31. Nxe5 Nf5 32. Rb6 Nxd4 33. Rxa6 Nab3 34.
Nxb3 Nxb3 35. Rd6 d4 36. cxd4 c3 37. Nd3 c2 38. d5 Rc3 39. Rd8+ Kg7 0-1

[Event "Titled Tue 20th May Early"]
[Site "chess.com INT"]
[Date "2025.05.20"]
[Round "4"]
[White "Tanaka, Taira Tyler"]
[Black "Sarkar, Justin"]
[Result "1-0"]
[WhiteTitle "FM"]
[BlackTitle "IM"]
[WhiteElo "2240"]
[BlackElo "2286"]
[WhiteFideId "7002351"]
[BlackFideId "2010011"]
[EventDate "2025.05.20"]

1. e4 c5 2. Nf3 d6 3. Bb5+ Bd7 4. Bxd7+ Qxd7 5. O-O Nc6 6. Re1 Nf6 7. c3 e6 8.
d4 cxd4 9. cxd4 d5 10. e5 Ne4 11. Nc3 Nxc3 12. bxc3 Be7 13. Ng5 O-O 14. Qh5 Bxg5
15. Bxg5 f6 16. exf6 gxf6 17. Bh6 Rfe8 18. Re3 Kh8 19. Rae1 e5 20. Rg3 Rg8 21.
dxe5 fxe5 22. Rxe5 Rxg3 23. Rxd5 Rxg2+ 24. Kxg2 Rg8+ 25. Kf1 Qe6 26. Be3 Rg6 27.
Qf5 Qxf5 28. Rxf5 Rd6 29. Rf7 1-0

[Event "Titled Tue 20th May Early"]
[Site "chess.com INT"]
[Date "2025.05.20"]
[Round "4"]
[White "Ghoreishi Amiri, Seyed Kian"]
[Black "Priasmoro, Novendra"]
[Result "0-1"]
[WhiteTitle "CM"]
[BlackTitle "GM"]
[WhiteElo "2215"]
[BlackElo "2437"]
[WhiteFideId "36757527"]
[BlackFideId "7105029"]
[EventDate "2025.05.20"]

1. e4 c5 2. Nf3 Nc6 3. d4 cxd4 4. Nxd4 g6 5. c4 Nf6 6. Nc3 d6 7. f3 Bg7 8. Be3
O-O 9. Be2 Bd7 10. O-O Nxd4 11. Bxd4 Bc6 12. b4 b6 13. Qd2 Nd7 14. Bxg7 Kxg7 15.
Rac1 a5 16. a3 Ra7 17. Rfd1 Qa8 18. Nd5 axb4 19. Nxe7 bxa3 20. Qxd6 Ba4 21. Qd4+
f6 22. Rd2 Nc5 23. Nd5 Nb3 24. Qc3 Nxd2 25. Qxd2 Qc6 26. Ra1 Qc5+ 27. Kh1 Bb3
28. Qc3 Qf2 29. Qxb3 Qxe2 30. Qxb6 Rff7 31. Nxf6 Qb2 32. Ne8+ Kf8 33. Qd6+ Kxe8
34. Rd1 Rad7 35. Qe6+ Kd8 36. Rf1 a2 37. Qa6 Qb1 38. Qa8+ Ke7 39. Qa3+ Ke8 40.
Qa8+ Rd8 41. Qc6+ Kf8 42. Qc5+ Kg8 43. Qg1 Qxf1 44. Qxf1 Rb7 0-1

[Event "Titled Tue 20th May Early"]
[Site "chess.com INT"]
[Date "2025.05.20"]
[Round "4"]
[White "Ramsdal, Jens Albert"]
[Black "Atis, Hasan"]
[Result "1-0"]
[WhiteTitle "FM"]
[BlackTitle "CM"]
[WhiteElo "2351"]
[BlackElo "2089"]
[WhiteFideId "1429221"]
[BlackFideId "44598017"]
[EventDate "2025.05.20"]

1. e4 c5 2. a3 e6 3. b4 cxb4 4. axb4 Bxb4 5. Bb2 Nf6 6. e5 Nd5 7. c4 Nb6 8. Nc3
O-O 9. Ne4 Nc6 10. Qg4 Kh8 11. Qh5 a5 12. Nf3 a4 13. Ra3 Be7 14. Nfg5 h6 15.
Nxf7+ Rxf7 16. Qxf7 Qf8 17. Qxf8+ Bxf8 18. Nd6 Nb4 19. Kd1 Nc6 20. Bd3 Ra7 21.
Ke2 Kg8 22. c5 Bxd6 23. cxb6 Ra5 24. exd6 Kf7 25. Rha1 1-0